[Event "Sharjah Master 2024"]
[Site "Shsrjah - Abu Dhabi"]
[Date "2024.05.14"]
[Round "1.43"]
[White "Vakhidov, Jakhongir"]
[Black "Gholami Orimi, Mahdi"]
[Result "1-0"]
[WhiteElo "2599"]
[BlackElo "2470"]
[PlyCount "71"]
[EventDate "2024.05.14"]
[EventCountry "UAE"]

{[%evp 0,71,17,-12,-12,-12,17,9,51,52,88,75,110,74,73,51,51,62,75,24,31,26,-3,10,18,11,7,7,7,-13,0,8,8,1,17,23,15,22,32,17,3,5,16,-3,4,0,0,-6,85,117,100,154,154,61,38,19,25,98,98,98,114,66,66,381,381,337,337,337,553,621,1319,1359,1787,29976]} 1. c4 e5 2. Nc3 Bb4 3. Nd5 Bc5 4. e3 c6 5. d4 exd4 $146 ({RR} 5... Bf8 6. Nc3 d6 7. b3 Nd7 8. Bb2 Ngf6 9. Qc2 Be7 10. Nge2 O-O 11. Rd1 Qc7 12. Ng3 a6 13. Be2 Re8 14. O-O Nf8 15. Na4 Ng6 16. Bd3 Rb8 17. c5 Nd5 18. Be4 Nf6 19. Bd3 Nd5 20. Be4 {Venkatesan,K (2285)-Kanyamarala,T (2201) Dublin IRL 2024 ½-½}) ({RR} 5... cxd5 6. dxc5 Qa5+ 7. Bd2 Qxc5 8. Qg4 g6 9. cxd5 d6 10. Qh4 Nd7 11. Rc1 Qb6 12. Bc3 Ngf6 13. Bc4 O-O 14. Ne2 Ne8 15. O-O Ng7 16. Ng3 f5 17. Kh1 f4 18. exf4 Rxf4 19. Qe7 Rxc4 20. f4 {Bastiao,T (1875)-Pinsach Gelabert,A (2169) Coimbra POR 2024 1-0 (32)}) 6. exd4 Be7 7. Nxe7 Nxe7 8. Bd3 d5 9. c5 Bf5 10. Ne2 O-O 11. O-O Nd7 12. Ng3 Bxd3 13. Qxd3 b6 14. Be3 Re8 15. b4 a5 16. a3 Qc7 17. Bd2 axb4 18. axb4 Qb7 19. h4 Nf8 20. h5 h6 21. Rxa8 Rxa8 22. Re1 $6 {Inaccuracy. Bf4 was best.} (22. Bf4 Ne6 23. Bd6 Qd7 24. Re1 Re8 25. Re3 Kh8 26. Be5 bxc5 27. bxc5 Ra8) 22... Ne6 $6 {Inaccuracy. bxc5 was best.} (22... bxc5 23. dxc5 Ra7 24. Qe3 Qd7 25. Qe5 Ne6 26. f4 Nd8 27. Qd6 f6 28. Qxd7) 23. f4 Nf8 $6 {Inaccuracy. bxc5 was best.} (23... bxc5 24. f5 Ng5 25. Bxg5 hxg5 26. dxc5 f6 27. h6 Qxb4 28. Rxe7 Ra1+ 29. Nf1) 24. cxb6 Kh8 25. b5 Ng8 26. Nf5 Qxb6 27. Qg3 g6 28. Nd6 Qxd4+ $6 {Inaccuracy. cxb5 was best.} (28... cxb5 29. f5) 29. Be3 Qf6 30. f5 cxb5 $6 {Inaccuracy. gxf5 was best.} (30... gxf5 31. b6 Nd7 32. b7 Rd8 33. Bf4 Kh7 34. Ne8 Qd4+ 35. Kh1 Rxe8 36. Rxe8) 31. Nxf7+ Kg7 32. hxg6 Ra1 $2 {Mistake. b4 was best.} (32... b4 33. Ne5 Qxf5 34. Rf1 Qxf1+ 35. Kxf1 Ra1+ 36. Ke2 Ra2+ 37. Bd2 Ra6 38. Ng4) 33. Rxa1 Qxa1+ 34. Kh2 Qf6 $4 {Checkmate is now unavoidable. Nf6 was best.} (34... Nf6 35. Qf4 Ne4 36. Nd6 Nxg6 37. fxg6 Nxd6 38. Bd4+ Qxd4 39. Qxd4+ Kxg6 40. Qb6) 35. Nd6 Kh8 36. Ne8 1-0

[Event "Sharjah Master 2024"]
[Site "Shsrjah - Abu Dhabi"]
[Date "2024.05.14"]
[Round "1.44"]
[White "Royal, Shreyas"]
[Black "Jumabayev, Rinat"]
[Result "1-0"]
[WhiteElo "2463"]
[BlackElo "2595"]
[PlyCount "81"]
[EventDate "2024.05.14"]
[EventCountry "UAE"]

{[%evp 0,81,17,17,18,-6,21,25,18,35,30,-7,8,-3,31,10,9,9,10,10,25,-27,-12,-23,8,7,37,25,35,28,45,-23,-30,-48,-45,-36,-39,-26,-23,-7,-26,-18,-41,-45,-4,-68,6,15,27,89,227,180,180,180,180,129,160,85,272,238,315,261,272,278,278,241,279,290,305,238,273,243,238,232,273,239,271,250,298,300,315,265,296,292]} 1. d4 d5 2. c4 c6 3. Nf3 Nf6 4. e3 Bf5 5. Nc3 e6 6. Nh4 Be4 7. f3 Bg6 8. Bd2 Be7 9. Nxg6 hxg6 10. Qc2 Nbd7 11. O-O-O dxc4 ({RR} 11... a6 12. g4 dxc4 13. Bxc4 b5 14. Bxe6 fxe6 15. g5 Nh5 16. Qxg6+ Kf8 17. f4 Nb6 18. Qxe6 b4 19. g6 Ke8 20. Qf7+ Kd7 21. Ne4 Qg8 22. Nc5+ Kd8 23. Bxb4 Qxf7 24. gxf7 Bxc5 25. Bxc5 Nd7 26. Bd6 {Gukesh,D (2720)-Nasuta,G (2579) Samarkand UZB 2023 ½-½ (33)}) 12. Bxc4 a6 13. Kb1 b5 $146 ({RR} 13... c5 14. dxc5 Nxc5 15. e4 b5 16. Be2 Qb8 17. g3 O-O 18. Bf4 Qb7 19. e5 Nfd7 20. h4 Rfc8 21. Ne4 Nxe4 22. Qxe4 Qxe4+ 23. fxe4 Nc5 24. Bf3 Ra7 25. Be3 Rac7 26. Rd6 Nd7 27. Rxa6 Nxe5 28. Be2 {Klimkowski,J (2531)-Nasuta,G (2563) chess.com INT 2024 ½-½ (48)}) ({RR} 13... c5 14. dxc5 Nxc5 15. e4 b5 16. Be2 O-O 17. Bf4 Qb6 18. e5 Nh7 19. Be3 Qb8 20. f4 Rc8 21. Ne4 Na4 22. Qd2 Nb6 23. Bxb6 Qxb6 24. Qd4 Qxd4 25. Rxd4 g5 26. g3 gxf4 27. gxf4 Nf8 28. Nd6 {Klimkowski,J (2531)-Nasuta,G (2563) chess.com INT 2024 1-0 (73)}) ({RR} 13... c5 14. g4 b5 15. Bxe6 fxe6 16. g5 Nd5 17. Qxg6+ Kf8 18. Qxe6 Nc7 19. Qf5+ Kg8 20. Ne4 Nf8 21. Ba5 Qd5 22. Qg4 Nce6 23. dxc5 Qc6 24. h4 Nxc5 25. Rc1 Qd5 26. Nf6+ Bxf6 27. gxf6 g6 28. h5 {Ostrovskiy,A (2411)-Sethuraman,S (2381) New York USA 2024 1-0 (52)}) 14. Be2 c5 15. g4 cxd4 16. exd4 Nb6 17. g5 Nfd5 18. Nxd5 Qxd5 19. Qe4 Rc8 20. h4 Bd6 21. Bd3 Ke7 22. Qg4 Na4 $6 {Inaccuracy. b4 was best.} (22... b4 23. Qe4 a5 24. Ba6 Rc7 25. Rc1 Rd8 26. h5 gxh5 27. Rxh5 Bg3 28. Rh7) 23. Rc1 $6 {Inaccuracy. Rhe1 was best.} (23. Rhe1 b4 24. Qe4 Nb6 25. Bxa6 Ra8 26. Qxd5 Nxd5 27. Bc4 Nb6 28. Bb3 Rxh4) 23... Bc5 $4 {Blunder. Nb6 was best.} (23... Nb6 24. Qe4 Rxc1+ 25. Rxc1 Kd7 26. Ba5 Nc4 27. Be1 Rc8 28. Rc2 Nb6 29. Rxc8) 24. b3 Ba3 25. Rxc8 Rxc8 26. bxa4 bxa4 27. Ka1 Rd8 28. Rd1 Qc6 29. Rb1 Kf8 30. Qe4 Qd6 31. Bc3 Rc8 32. Qe1 a5 33. Qd2 Kg8 34. Bb5 Qd5 35. Qd3 Bb4 $6 {Inaccuracy. Bd6 was best.} (35... Bd6 36. Bd2 Bg3 37. Rc1 Rxc1+ 38. Bxc1 Bxh4 39. Bxa4 Bxg5 40. Bb2 Bf6 41. Bc2) 36. Bxb4 axb4 37. Rxb4 Qd6 38. Rc4 Rd8 39. Bxa4 Qh2 40. Bb3 Qxh4 41. Qe3 1-0

[Event "Sharjah Master 2024"]
[Site "Shsrjah - Abu Dhabi"]
[Date "2024.05.15"]
[Round "2.1"]
[White "Theodorou, Nikolas"]
[Black "Erigaisi Arjun"]
[Result "1-0"]
[WhiteElo "2616"]
[BlackElo "2761"]
[PlyCount "55"]
[EventDate "2024.05.14"]
[EventCountry "UAE"]

{[%evp 26,55,35,43,37,14,10,15,12,0,0,5,14,-5,-5,-6,-4,-4,-1,-2,-1,-10,0,0,213,203,201,197,274,274,538,539]} 1. d4 Nf6 2. c4 e6 3. Nf3 d5 4. Nc3 c5 5. cxd5 Nxd5 6. e4 Nxc3 7. bxc3 cxd4 8. cxd4 Bb4+ 9. Bd2 Bxd2+ 10. Qxd2 O-O 11. Bc4 Nd7 12. O-O b6 13. Rad1 Bb7 14. Rfe1 Nf6 15. Qf4 Rc8 16. Bb3 Qc7 {The position is equal.} 17. Qh4 h6 18. h3 Rfd8 19. Re3 b5 20. d5 exd5 21. e5 Ne4 {[#]} 22. e6 $1 $36 {[%mdl 2560] White has good play.} fxe6 23. Nd4 Nc5 24. Rde1 a5 $4 {Blunder. Re8 was best.} (24... Re8 25. Qg4 Qf7 26. Nxb5 Rf8 27. f3 Rc6 28. Nxa7 Rb6 29. Rc1 Qe7 30. Rec3) (24... Re8 $11 {and Black is okay.}) 25. Nxe6 $18 Nxe6 26. Rxe6 Rd7 (26... a4 {was necessary.}) 27. Qg4 {Intending Re8+ and mate.} Rf8 $4 {[#] Blunder. Rf7 was best.} (27... Rf7 28. Qg6 $1 Qc5 29. R1e2 Qc1+ 30. Kh2 Qf4+ (30... b4 $142 31. Re8+ Rf8) 31. g3 Qf3 32. Bc2 $1 Kf8 {[#]} 33. Qh7 $1) (27... Rf7 $142 28. Rxh6 Qc3) 28. Qg6 $1 {Accuracy: White = 87%, Black = 65%.} 1-0

[Event "Sharjah Master 2024"]
[Site "Shsrjah - Abu Dhabi"]
[Date "2024.05.15"]
[Round "2.2"]
[White "Ivanchuk, Vasyl"]
[Black "Tabatabaei, M. Amin"]
[Result "0-1"]
[WhiteElo "2609"]
[BlackElo "2707"]
[PlyCount "96"]
[EventDate "2024.05.14"]
[EventCountry "UAE"]

{[%evp 9,96,13,16,9,12,-11,0,-18,-17,-26,-4,-37,11,8,6,4,13,13,12,10,10,0,0,0,8,1,1,0,0,5,2,1,0,-5,-5,-6,-5,-2,-1,-11,-12,-12,-17,-17,-13,-10,-12,-17,-12,-25,-7,-85,-16,-116,-108,-111,-31,-115,-117,-202,-50,-342,-342,-441,-434,-444,-393,-413,-413,-433,-426,-423,-415,-545,-545,-546,-546,-545,-545,-545,-545,-545,-545,-29978,-29978,-29977,-29979,-29966,-1689]} 1. d4 Nf6 2. c4 e6 3. Nf3 h6 4. a3 ({RR} 4. Bf4 b6 5. Nc3 Bb4 6. e3 Bb7 7. Bd3 Bxc3+ 8. bxc3 d6 9. Qc2 g5 10. Bg3 Nbd7 11. e4 Nh5 12. Qe2 Qf6 13. Rb1 Rg8 14. c5 Nxg3 15. hxg3 dxc5 16. e5 Qe7 17. Be4 O-O-O 18. Bxb7+ Kxb7 {Keymer,V (2726)-Gukesh,D (2764) Warsaw POL 2024 0-1 (40)}) 4... d5 $146 ({RR} 4... c5 5. d5 d6 6. Nc3 exd5 7. cxd5 g6 8. Bf4 Bg7 9. e3 O-O 10. h3 a6 11. a4 Re8 12. Nd2 Nh5 13. Bh2 Nd7 14. Be2 Ne5 15. O-O Qh4 16. Nde4 Bxh3 17. gxh3 Qxh3 18. Ng3 Nf6 19. f3 {Sjugirov,S (2690)-Dardha,D (2628) chess.com INT 2024 ½-½ (59)}) 5. e3 Nbd7 6. Nbd2 b6 7. cxd5 exd5 8. b4 {The position is equal.} Bd6 9. Bb2 a6 10. g3 c5 11. dxc5 bxc5 12. Qa4 {Threatens to win with Qc6.} O-O 13. Qc6 {[%mdl 64] Double Attack} Qc7 14. Qxc7 ({Don't play} 14. Qxa8 Nb6 $17) 14... Bxc7 15. Bg2 cxb4 16. axb4 Bd6 17. b5 Nb6 18. Nd4 Bb4 19. Nc6 Bxd2+ 20. Kxd2 Nc4+ {[%mdl 64] Double Attack} 21. Kc2 {And now Bxf6 would win.} Nxb2 ({Much weaker is} 21... Bf5+ $6 22. Kb3 $16) 22. Kxb2 Bb7 23. Rhc1 axb5 24. Ne7+ Kh7 25. Rc7 Rxa1 26. Kxa1 Ba8 27. Bh3 g6 28. Kb2 Kg7 29. f3 Rd8 30. Kc1 (30. Nc8 $11) 30... b4 (30... d4 $17 31. e4 Ne8) 31. Rc8 $6 {Inaccuracy. Nc8 was best.} (31. Nc8 $1 Ne8 32. Ra7 $1 {[%cal Ra7a8]} Bc6 33. Be6 Kf6 34. Bh3 Bb5 35. Rb7 Be2 36. f4 Bf1) (31. Nc8 $1 $11 {keeps the balance.}) 31... Rxc8+ $17 32. Nxc8 {[%mdl 4096] Endgame [#] KBN-KBN} Bb7 ({Better is} 32... d4 $1 $17 {[%mdl 512]} 33. e4 (33. exd4 Bxf3) 33... Nh7) 33. Na7 $6 {[#] Inaccuracy. Kc2 was best.} (33. Kc2 d4 34. e4 $1 Ba6 35. Nb6 $1 Be2 36. e5 Ng8 37. f4 Ne7 38. Bd7 g5) (33. Kb2 $15) 33... d4 $1 {[%mdl 512]} 34. e4 {[#]} (34. exd4 $17 Bxf3 35. Kb2) 34... g5 $6 {Inaccuracy. Nh7 was best.} (34... Nh7 $1) (34... Nh7 $1 $19 35. Nb5 Ng5) 35. Bf5 $4 {[#] Blunder. e5 was best.} (35. e5 Nd5 36. Nb5 d3 37. Kd2 b3 38. Na3 Nb4 39. f4 gxf4 40. gxf4 Be4) (35. e5 $15 Ng8 36. Nb5) 35... g4 $1 $19 {[%mdl 512]} 36. e5 (36. fxg4 Nxe4) 36... gxf3 {Hoping for ...Nd5.} 37. exf6+ Kxf6 38. Bd3 f2 39. Bf1 Ke5 40. Kd2 b3 41. Nb5 $2 {Mistake. h4 was best.} (41. h4 $2 {41.c1 -3.38} f5 42. Kc1 Ke4 43. Nb5 Ke3 44. Nd6 Be4 45. Nc4+ Kf3 46. h5 Kxg3) 41... Ba6 42. Bd3 Bxb5 43. Bxb5 {KB-KP} b2 44. Kc2 Ke4 45. Bf1 Ke3 46. g4 {[#]} b1=Q+ $1 {[%mdl 576] Deflection, Promotion. Black mates.} 47. Kxb1 Kd2 48. Bh3 $6 {Inaccuracy. Kb2 was best.} (48. Kb2 Ke1 49. Bc4 f1=Q 50. Bxf1 Kxf1 51. Kc2 Ke2 52. Kb3 d3 53. Kc3 d2) 48... Ke2 {Accuracy: White = 59%, Black = 79%.} 0-1

[Event "Sharjah Master 2024"]
[Site "Shsrjah - Abu Dhabi"]
[Date "2024.05.15"]
[Round "2.3"]
[White "Kuybokarov, Temur"]
[Black "Fedoseev, Vladimir"]
[Result "0-1"]
[WhiteElo "2600"]
[BlackElo "2701"]
[PlyCount "88"]
[EventDate "2024.05.14"]
[EventCountry "UAE"]

{[%evp 15,88,41,39,36,37,35,44,0,0,0,0,0,0,-60,-52,-54,-49,-53,-51,-45,-53,-54,-48,-52,-49,-55,-29,-126,-122,-124,-37,-112,-107,-104,-91,-95,-93,-131,-120,-144,-144,-154,-89,-92,-93,-92,-90,-90,-97,-161,-166,-193,-179,-210,-186,-368,-367,-367,-346,-407,-407,-386,-392,-460,-467,-585,-585,-671,-649,-736,-736,-683,-678,-773,-773]} 1. e4 e5 2. Nf3 Nf6 3. Nxe5 d6 4. Nf3 Nxe4 5. d4 d5 6. Bd3 Bd6 7. O-O O-O 8. Re1 Re8 9. c4 $146 ({RR} 9. Be3 Bg4 10. Be2 f5 (10... Nd7 $15) 11. Qc1 (11. c4 $14) 11... Nd7 12. Bf4 (12. c4 $1 $11) 12... Qf6 (12... Bxf3 $17 13. Bxf3 Qh4) 13. Bxd6 Qxd6 14. Nbd2 c5 15. c3 Re7 16. dxc5 Ndxc5 17. Nd4 $2 (17. Qc2 $11) 17... Qg6 $2 (17... Nxf2 $1 $19 {[%mdl 512]} 18. Nc4 (18. Kxf2 Rxe2+) 18... Qd8) 18. N2f3 $2 (18. Qc2 $16 {keeps the pressure on.}) 18... Bxf3 $1 19. Nxf3 a6 $2 ({Black should play} 19... Nxf2 $1 $17 {[%mdl 512]} 20. Qg5 (20. Kxf2 Rxe2+) 20... Qxg5 21. Nxg5 Nfe4) 20. c4 $2 (20. Bf1 $14) 20... Qb6 $2 ({Black should try} 20... Nxf2 $1 $19 {[%mdl 512]} 21. Qg5 (21. Kxf2 Rxe2+) 21... Qxg5 22. Nxg5 Nfd3 23. Bxd3 Rxe1+ 24. Rxe1 Nxd3) 21. Rd1 $2 {[%mdl 8192]} (21. Qe3 $11) 21... Rae8 (21... Nxf2 $142 $1 {[%mdl 512]} 22. Rd2 (22. Kxf2 Ne4+) 22... Nfe4) 22. cxd5 $2 (22. Bf1 {is tougher.}) 22... Nxf2 $1 23. Bc4 (23. Rd4 $142 Rxe2 24. d6) 23... Ncd3 {Cao,Z (1480)-Rajendran,K (1429) Penang MAS 2023 0-1}) ({RR} 9. Nbd2 Nxd2 10. Rxe8+ Qxe8 11. Bxd2 Nd7 12. c3 Nf6 13. Qc2 Bg4 14. Re1 Qd7 (14... Qc8 $14) 15. Ne5 Bxe5 $2 (15... Qc8 $16 {was worth a try.}) 16. dxe5 Ne4 17. Bf4 Bh5 18. f3 Nc5 19. Bxh7+ Kh8 20. Bf5 Qa4 (20... Qc6 $142 21. Bg3 Re8) 21. Qd2 c6 $2 (21... Qc6 22. Rd1 Ne6) 22. b4 Ne6 23. Bg3 Rd8 $2 {Cabralis,K (2169)-Novikova,M (1999) chess.com INT 2024 1-0} (23... a5 24. Bxe6 fxe6)) ({RR} 9. Nbd2 Nxd2 10. Bxd2 h6 (10... Rxe1+ $11 11. Qxe1 Bg4) 11. Ne5 Nc6 12. Qh5 Nxe5 13. dxe5 Bf8 14. f4 c5 15. c3 (15. Be3 $16) 15... d4 $2 (15... c4 $11 16. Bf1 Qb6+ 17. Be3 Qxb2) 16. c4 Qc7 (16... g6 $142 17. Bxg6 fxg6 18. Qxg6+ Bg7) 17. Re2 $1 b5 18. Rae1 $2 (18. f5 $18) 18... Bb7 $2 {[%mdl 8192]} (18... bxc4 $14 19. Bxc4 Be6) 19. e6 fxe6 20. Qg6 Bd6 21. Rxe6 Rxe6 22. Rxe6 Rd8 23. Rf6 {1-0 (23) Firouzja,A (2760)-Afanasieva,A (1914) chess.com INT 2024}) 9... Bg4 10. cxd5 Nf6 $1 11. Nc3 {White is slightly better.} Rxe1+ 12. Qxe1 Bxf3 $1 13. gxf3 Nh5 14. Ne2 $6 {Inaccuracy. Qe4 was best.} (14. Qe4 g6 15. Qg4 Nd7 16. f4 Ndf6 17. Qf3 Ne8 18. Qg4) (14. Qe4 $11 g6 15. Qg4) 14... Qh4 15. Ng3 Nf6 16. Qe3 Nbd7 17. Qg5 Bxg3 18. hxg3 Qxd4 {[%mdl 64] Double Attack} 19. Qd2 {Black must now prevent Bxh7+!} Qxd5 {aiming for ...Ne5.} 20. Qc3 Re8 21. Bd2 $6 {Inaccuracy. Kg2 was best.} (21. Kg2) (21. Kg2 $11 {remains equal.}) 21... Ne5 $36 {[%mdl 2048] Black is on the roll.} 22. Be2 c5 $6 {Inaccuracy. h5 was best.} (22... h5 23. Bf4 Ng6 24. Be3 Qf5 25. Qd3 Qc8 26. Rd1 h4 27. g4 c6 28. Qf5) ({Better is} 22... h5 $17 23. Re1 c6) 23. b3 $6 {Inaccuracy. Rd1 was best.} (23. Rd1) (23. Rd1 $15) 23... Nc6 24. Bc4 Qf5 25. Kg2 Rd8 26. Re1 h6 27. Be3 b6 $1 28. Qc1 {[#]} Ne5 $6 {Inaccuracy. Nd5 was best.} (28... Nd5 $1 29. Bb5) (28... Nd5 $142 29. g4 Qg6) 29. Bf4 Nxc4 30. bxc4 Qd3 31. Be5 {White wants to play Bxf6.} Nh7 32. Re3 $6 {[#] Inaccuracy. Bc7 was best.} (32. Bc7 Rd7) (32. Bc7 $17 Rc8 33. Re7) 32... Qd7 $1 $19 33. Qh1 Re8 34. Qh5 Nf8 35. Qg4 $4 {Blunder. f4 was best.} (35. f4 Qa4 36. Qe2 Ng6 37. Qd3 Qc6+ 38. f3 Nf8 39. Re4 Ne6 40. Qe2 Rd8) (35. f4 $142) 35... Qxg4 36. fxg4 {[%mdl 4096] Endgame KRB-KRN} Nd7 37. f4 Nxe5 38. fxe5 {KR-KR} f6 39. Kf3 $6 {Inaccuracy. e6 was best.} (39. e6 Kf8 40. Kf3 Ke7 41. Kf4 g6 42. Ra3 Ra8 43. Rd3 Kxe6 44. Rd1 Re8) 39... Rxe5 {Black is clearly winning.} 40. Rxe5 $6 {Inaccuracy. Ra3 was best.} (40. Ra3 Re7 41. Rd3 Re1 42. Rd7 a5 43. Rb7 Rc1 44. Rb8+ Kh7 45. Rxb6 Rxc4) 40... fxe5 41. Ke4 Kf7 42. Kxe5 Kg6 43. Kf4 Kf6 44. a4 g6 {Accuracy: White = 46%, Black = 88%.} 0-1

[Event "Sharjah Master 2024"]
[Site "Shsrjah - Abu Dhabi"]
[Date "2024.05.15"]
[Round "2.4"]
[White "Niemann, Hans Moke"]
[Black "Vakhidov, Jakhongir"]
[Result "1-0"]
[WhiteElo "2688"]
[BlackElo "2599"]
[PlyCount "73"]
[EventDate "2024.05.14"]
[EventCountry "UAE"]

{[%evp 15,73,31,38,28,32,32,239,235,247,144,137,126,128,131,135,130,138,142,140,138,241,255,252,253,249,254,337,322,373,360,370,366,435,422,445,425,596,595,588,588,683,683,29985,29986,29984,29985,29990,29991,29990,29991,29991,29992,29992,29991,29992,29993,29993,29992,29995,29987]} 1. e4 e5 2. Nf3 Nc6 3. Bb5 a6 4. Ba4 d6 5. c3 f5 6. exf5 Bxf5 7. O-O Bd3 8. Re1 Be7 $1 9. Qb3 b5 10. Qd5 {[%mdl 64] Double Attack} Bf5 $146 {Blunder. Qd7 was best.} (10... Qd7) ({RR} 10... Qd7 $1 11. Qxd3 bxa4 12. Qc2 Nf6 13. d3 O-O 14. Be3 Nd8 15. Nbd2 Re8 16. d4 exd4 17. Bxd4 Ne6 18. Bxf6 Bxf6 19. Ne4 Rf8 20. Qd2 d5 21. Rad1 Rad8 22. Nxf6+ Rxf6 23. Ne5 Qd6 24. Qc2 Rdf8 25. Qxa4 {Divya,D (2420)-Dardha,D (2602) Wijk aan Zee NED 2024 ½-½ (35)}) ({RR} 10... Qd7 $1 11. Qxd3 bxa4 12. Qc2 Nf6 13. Qxa4 (13. d3 $14) 13... e4 14. Ng5 d5 (14... Ne5 $5 {[%cal Rd7a4]} 15. Qxd7+ Kxd7 $11) 15. d3 $1 {[%cal Rd3e4]} h6 16. Nh3 O-O 17. Qd1 (17. dxe4 $14 Nxe4 18. Nd2) 17... Bc5 18. d4 Bd6 19. Bf4 Ne7 20. Bxd6 Qxd6 21. Nd2 Nf5 22. Nf1 Nh4 23. Ne3 Qe6 24. Nf4 Qd6 25. Nh5 {Seo,J (2466)-Navarrete Mendez,G (2189) chess.com INT 2024 1-0 (38)}) ({RR} 10... Qd7 $1 11. Qxd3 bxa4 12. Qe3 Nf6 13. d4 exd4 (13... O-O $11 {keeps the balance.}) 14. cxd4 Nb4 (14... O-O $142) 15. Qe2 O-O 16. Bg5 (16. Nc3 $142) 16... Nbd5 17. Nc3 Nxc3 18. bxc3 Rfe8 19. Bxf6 Bxf6 20. Qc4+ Kh8 21. Rxe8+ Rxe8 22. Qxa6 g5 23. Qd3 (23. h3 $16) 23... g4 24. Nd2 Qe6 25. Nf1 {Dau Khuong Duy (2299)-Sai,K (2371) Budapest HUN 2023 ½-½ (41)}) ({Black should try} 10... Qd7 $1 $14 11. Qxd3 bxa4) 11. Bb3 $18 {Intending Qf7+ and mate.White is clearly better.} (11. Qxc6+ $6 Bd7 $16) 11... Kd7 12. Nd4 $6 {Inaccuracy. Rxe5 was best.} (12. Rxe5 $1 Bg4 13. Re1 Nf6 14. Qg5 Kc8 15. a4 b4 16. d4 h6 17. Qe3 Re8) ({White has to play} 12. Rxe5 $1 $18 Bg4 13. Re1) 12... Nxd4 $16 13. cxd4 $40 {[%mdl 128] White attacks with force.} Nf6 14. Qf3 $1 {[%cal Rf3f5]} Bg4 15. Qg3 exd4 {[#]} 16. h3 $1 {[%cal Rh3g4]} Bf5 17. Qf3 {[%mdl 1024] White has strong compensation.} g6 $6 {Inaccuracy. Bg6 was best.} (17... Bg6 {[#]} 18. Be6+ $1 Ke8 19. d3 Bf7 20. Qc6+ Kf8 21. Nd2 h6 22. Nf3 Be8 23. Qc2) (17... Bg6 $16) 18. d3 $18 ({Resist} 18. g4 $6 Be4 $16) 18... h5 19. Bg5 c6 20. Nd2 {[%cal Bb1d2,Bd2f3,Bf3e5][%mdl 32]} Qf8 21. a4 Qg7 22. Rec1 ({Less strong is} 22. axb5 axb5 23. Rec1 (23. Rxa8 Rxa8 24. g4 hxg4 $18) 23... d5 $18) 22... d5 23. Qf4 c5 24. Nf3 Bd6 25. Ne5+ Kc7 $6 {[#] Inaccuracy. Bxe5 was best.} (25... Bxe5 26. Qxe5 Rhe8 27. Bxf6 Rxe5 28. Bxg7 Re7 29. Bxd5 Rc8 30. Bf6 Bxd3 31. Bxe7) (25... Bxe5 $142 26. Qxe5 {[%mdl 64] Double Attack} Qe7 27. Qxf6 Qxf6 28. Bxf6 c4 29. Bxh8 Rxh8) 26. Rxc5+ $1 {[%mdl 512]} Bxc5 27. Rc1 Kb6 28. Bxf6 Qh6 $4 {[#] Checkmate is now unavoidable. Qxf6 was best.} (28... Qxf6 29. Nd7+ Bxd7 30. Qxf6+ Ka5 31. Rxc5 Rhc8 32. Rxc8 Rxc8 33. axb5 Kxb5 34. Qxd4) 29. Nd7+ $1 {[%mdl 512] White mates.} Bxd7 {[#]} 30. a5+ $1 {[%mdl 576] Deflection, Decoy} Kxa5 31. Qc7+ {[%mdl 64] Double Attack} Bb6 32. Ra1+ Kb4 33. Qxb6 Kxb3 34. Qxd4 {[%csl Gb2,Gf6][%cal Rd4c3]} Rhc8 35. Qxd5+ {[%mdl 64] Double Attack} Kc2 36. b4 Kd2 37. Bg5+ {Accuracy: White = 91%, Black = 42%.} 1-0

[Event "Sharjah Master 2024"]
[Site "Shsrjah - Abu Dhabi"]
[Date "2024.05.15"]
[Round "2.5"]
[White "Muradli, Mahammad"]
[Black "Aravindh, Chithambaram VR."]
[Result "0-1"]
[WhiteElo "2560"]
[BlackElo "2670"]
[PlyCount "74"]
[EventDate "2024.05.14"]
[EventCountry "UAE"]

{[%evp 13,74,37,42,24,22,19,26,7,37,-5,10,12,11,15,17,4,24,10,12,0,5,3,8,4,12,15,18,10,18,15,17,13,19,0,0,0,0,-16,2,1,0,-90,-86,-376,-377,-367,-373,-428,-422,-409,-421,-540,-532,-540,-534,-533,-536,-536,-535,-533,-526,-620,-618]} 1. Nf3 Nf6 2. c4 e6 3. Nc3 Bb4 4. g3 b6 5. Bg2 Bb7 6. Qc2 O-O 7. O-O Re8 8. a3 Bxc3 9. Qxc3 d5 10. d3 {White has an edge.} c5 11. b3 Nbd7 12. e3 e5 13. cxd5 Nxd5 14. Qc2 N5f6 15. Bb2 e4 16. Ne1 exd3 17. Nxd3 Bxg2 18. Kxg2 Qc7 19. Rfe1 Rac8 20. Rac1 b5 21. f3 c4 22. bxc4 bxc4 23. Nf4 Ne5 24. e4 g5 25. Nh3 g4 $36 {[%mdl 2048] White is under pressure.} 26. fxg4 Nexg4 27. Qd2 $6 {Inaccuracy. Nf2 was best.} (27. Nf2 Nxf2 28. Qxf2 Nxe4 29. Qd4 {[%csl Gb2][%cal Rd4h8]} c3 30. Bxc3 $1 Nxc3 31. Rxc3 Qb7+ 32. Kh3 Rcd8) (27. Nf2 $11 {keeps the balance.}) 27... Nxe4 $17 28. Rxe4 $4 {Blunder. Qd5 was best.} (28. Qd5) (28. Qf4 $17 Qxf4 29. Nxf4) 28... Rxe4 $19 29. Qg5+ Kf8 30. Nf4 {[#] Hoping for Qg7+.} Qb7 ({Not} 30... Rxf4 $2 31. Bg7+ Ke8 32. Re1+ Kd7 33. Re7+ (33. gxf4 Kc6 $18) 33... Kc6 34. Rxc7+ (34. gxf4 Qd6 $18) 34... Rxc7 35. Qxf4 $18) 31. Qg7+ Ke8 32. Qg8+ $6 {Inaccuracy. Kg1 was best.Black is clearly winning.} (32. Kg1 Qb6+ 33. Kh1 Qc6 {[%cal Re4e1]} 34. Kg1 Qc5+ 35. Kh1 Nf2+ 36. Kg2 Rxf4 37. gxf4 Nd3) 32... Ke7 33. Qg5+ Kd6 {( -> ...Rxf4+)} 34. Kh3 Nf2+ 35. Kh4 {intending Qf6+.} Qxb2 {[%mdl 64] [#] Double Attack} 36. Rf1 Qe5 37. Qh6+ $6 {Inaccuracy. Rxf2 was best.} (37. Rxf2 Qxg5+ 38. Kxg5 c3 39. Rc2 Ke5 40. Ne2 Rxe2 41. Rxe2+ Kd4 42. Kf6 c2) 37... Qe6 {Accuracy: White = 67%, Black = 88%.} 0-1